[Event "Mumbai Wealth op U13"]
[Site "Mumbai"]
[Date "2016.02.01"]
[Round "5"]
[White "Gada, Vaarin"]
[Black "Tanishka, Kotia"]
[Result "0-1"]
[WhiteElo "1223"]
[BlackElo "1650"]
[PlyCount "72"]
[EventDate "2016.01.28"]
[EventType "swiss"]
[EventRounds "9"]
[EventCountry "IND"]
[SourceTitle "CBM 170 Extra"]
[Source "ChessBase"]
[SourceDate "2016.02.25"]
[SourceVersion "1"]
[SourceVersionDate "2016.02.25"]
[SourceQuality "1"]

1. e4 c5 2. Nf3 Nc6 3. d4 cxd4 4. Nxd4 g6 5. Nc3 Bg7 6. Be3 Nf6 7. Nxc6 bxc6 8. e5 Ng8 9. f4 e6 10. Bc5 f5 11. g3 Ne7 12. Bg2 Ba6 13. Qd4 0-0 14. 0-0-0 d5 15. Bxa7 Nc8 16. Bc5 Rf7 17. Bf3 Na7 18. g4 Nb5 19. Nxb5 Bxb5 20. a3 fxg4 21. Bxg4 Ra4 22. Bb4 Qe8 23. b3 Ra8 24. Kb2 Bh6 25. Bd2 Rfa7 26. Ra1 Bg7 27. Qb4 Bf8 28. Qd4 Bxa3+ 29. Rxa3 Rxa3 30. Qc5 Ra2+ 31. Kc3 Ba6 32. Rg1 Bc8 33. h4 R8a5 34. Qd6 c5 35. h5 d4+ 36. Kd3 c4+ 0-1